Statistics for Top 20 Manchester United Scorers in the Premier League (football/soccer)

Click here to take the quiz!

General Stats

  • This quiz has been taken 1,909 times
  • The average score is 14 of 20

Answer Stats

Hint Answer % Correct
158Wayne Rooney
99%
109Ryan Giggs
96%
107Paul Scholes
95%
38Robin Van Persie
91%
84Cristiano Ronaldo
90%
93Andy Cole
84%
62David Beckham
81%
48Dwight Yorke
80%
95Ruud Van Nistelrooy
80%
64Eric Cantona
73%
91Ole Gunnar Solskjaer
68%
31Teddy Sheringham
64%
48Dimitar Berbatov
64%
33Roy Keane
63%
26Nani
58%
37Javier Hernandez
48%
35Mark Hughes
46%
28Louis Saha
36%
21Danny Welbeck
34%
23Andrei Kanchelskis
23%

Score Distribution

Percentile by Number Answered

Percent of People with Each Score

Your Score History

You have not taken this quiz